ბათუმის შოთა რუსთაველის სახელმწიფო უნივერსიტეტის ბიბლიოთეკა

Goldschmuck Der Romerzeit : (ბიბ.ჩანაწერი № 60510)

000 -LEADER
fixed length control field 00574nam a22001577a 4500
005 - DATE AND TIME OF LATEST TRANSACTION
control field 20230810104330.0
008 - FIXED-LENGTH DATA ELEMENTS--GENERAL INFORMATION
fixed length control field 230810s1984 gw ||||| |||| 00| 0 ger d
041 ## - LANGUAGE CODE
Language code of text/sound track or separate title ger
080 ## - UNIVERSAL DECIMAL CLASSIFICATION NUMBER
Universal Decimal Classification number 9021/904 D-44
100 ## - MAIN ENTRY--PERSONAL NAME
Personal name Deppert-Lippitz, Barbara
9 (RLIN) 19647
245 ## - TITLE STATEMENT
Title Goldschmuck Der Romerzeit :
Remainder of title Ausgewählte Stücke aus den Sammlungen des Römisch-Germanischen Zentralmuseums/
Statement of responsibility, etc. Barbara Deppert-Lippitz.
264 ## - PRODUCTION, PUBLICATION, DISTRIBUTION, MANUFACTURE, AND COPYRIGHT NOTICE
Place of production, publication, distribution, manufacture Mainz,
Name of producer, publisher, distributor, manufacturer Verlag,
Date of production, publication, distribution, manufacture, or copyright notice 1984.
300 ## - PHYSICAL DESCRIPTION
Extent 31 p.:
Other physical details ill.;
Dimensions 30 cm.
653 ## - INDEX TERM--UNCONTROLLED
keyword რომაული ოქროს სამკაულები
942 ## - ADDED ENTRY ELEMENTS (KOHA)
Source of classification or shelving scheme
Koha item type წიგნი
ეგზემპლარები
Withdrawn status Lost status Source of classification or shelving scheme Damaged status Not for loan Permanent Location Current Location Shelving location Date acquired Cost, normal purchase price Full call number Barcode Date last seen Copy number Uniform Resource Identifier Price effective from Koha item type Public note
          ბათუმის შოთა რუსთაველის სახელმწიფო უნივერსიტეტის მთავარი ბიბლიოთეკა ბათუმის შოთა რუსთაველის სახელმწიფო უნივერსიტეტის მთავარი ბიბლიოთეკა წიგნსაცავი 2023-08-10 12.00 9021/904 D-44 65166 2023-08-10 65166 ბსუ-ს საპატიო დოქტორის გურამ ლორთქიფანიძის საჩუქარი 2023-08-10 წიგნი 12 ლ.